00414nam a2200169Ia 4500003000400000005001700004008004100021040000700062041001200069082002000081100002000101245004100121260003100162365001300193650001800206650002000224OSt20250920162034.0210423s2009 xx 000 0 und d cAL aEnglish a305.231 bCHAC aRitika Chauthan aChild development and social Welfare aJaipurbBook Enclavec2009 b650cINR aSocial Groups aSocial Sciences